Naql al-batrūl al-ʻArabī, (Record no. 45770)

MARC details
000 -LEADER
fixed length control field 00864cam a22002291 4500
001 - CONTROL NUMBER
control field ne 63000754
003 - CONTROL NUMBER IDENTIFIER
control field DLC
005 - DATE AND TIME OF LATEST TRANSACTION
control field 20260227111744.0
008 - FIXED-LENGTH DATA ELEMENTS--GENERAL INFORMATION
fixed length control field 950320s1961 ua a 000 0 ararc
010 ## - LIBRARY OF CONGRESS CONTROL NUMBER
LC control number ne 63000754
035 ## - SYSTEM CONTROL NUMBER
System control number (OCoLC)32175734
040 ## - CATALOGING SOURCE
Original cataloging agency Princeton Univ. Libr.
Transcribing agency CU
Modifying agency CU
-- DLC
042 ## - AUTHENTICATION CODE
Authentication code premarc
043 ## - GEOGRAPHIC AREA CODE
Geographic area code ma-----
050 00 - LIBRARY OF CONGRESS CALL NUMBER
Classification number HD9576.A2
Item number T3
100 1# - MAIN ENTRY--PERSONAL NAME
Personal name Ṭarīqī, ʻAbd Allāh.
245 10 - TITLE STATEMENT
Title Naql al-batrūl al-ʻArabī,
Remainder of title muḥāḍarāt alqāhā ʻAbd Allāh al-Ṭarīqī [wa-]Fārūq al-Ḥusaynī ʻalá ṭalabat qism al-Dirāsāt al-Iqtiṣādīyah wa-al-Ijtimāʻīyah.
260 ## - PUBLICATION, DISTRIBUTION, ETC.
Place of publication, distribution, etc. [al-Qāhirah]
Name of publisher, distributor, etc. Jāmiʻat al-Duwal al-ʻArabīyah, Maʻhad al-Dirāsāt al-ʻArabīyah,
Date of publication, distribution, etc. 1961.
300 ## - PHYSICAL DESCRIPTION
Extent 124 p.
Other physical details diagr., tables
Dimensions 24 cm.
650 #0 - SUBJECT ADDED ENTRY--TOPICAL TERM
Topical term or geographic name entry element Petroleum
General subdivision Transportation
Geographic subdivision Arab countries.
700 1# - ADDED ENTRY--PERSONAL NAME
Personal name Ḥusaynī, Fārūq.

No items available.

Powered by Koha